000 01094nmc a2200361 a 4500
003 AR-BaBNM
005 20251128204025.0
008 196019s1970 ||||||||||||||000 | spa||
020 _a70-63138
040 _cAR-BaBNM
110 2 _aInstituto Internacional de Literatura Iberoamericana [Universidad de California]
245 1 0 _aHomenaje a Rubén Dario
_b1867 1967
260 _aCaracas
_bSucre
_c1970
300 0 _a298 p.
490 0 _aLatin American Studies
_vv. 16
500 0 _aContiene apéndices en p. 287-298
650 4 _aLITERATURA ARGENTINA
650 4 _aCRITICA LITERARIA
650 4 _aVIDA LITERARIA
650 4 _aANALISIS LITERARIO
650 4 _aHOMENAJE
650 4 _aPOETAS
650 4 _aBIOGRAFIAS
653 0 _aLITERATURA NICARAGUENSE
653 0 _aPOESIA RELIGIOSA
653 0 _aMODERNISMO
653 0 _aLITERATURA BRASILENA
655 _aLITERATURA
700 1 _aSánchez-Reulet, Aníbal
_eeditor
711 2 _aCongreso Internacional de Literatura Iberoamericana
_n8
_cLos Angeles, Estados Unidos
_9ene. 18-21
_d1967
942 _cBK
998 _cisola
999 _c5841
_d5841